Limiting base erosion involving interest deductions and other financial payments
Salvato in:
| Natura: | Libro |
|---|---|
| Lingua: | inglese |
| Pubblicazione: |
Paris
OECD
2015
|
| Serie: | OECD/G20 base erosion and profit shifting project
|
| Soggetti: | |
| Tags: |
Nessun Tag, puoi essere il primo ad aggiungerne!!
|
MARC
| LEADER | 00000nam a2200000 4500 | ||
|---|---|---|---|
| 001 | 0213445 | ||
| 005 | 20240314123125.1 | ||
| 020 | |a 978-92-64-24116-9 | ||
| 041 | 0 | |a eng | |
| 044 | |a FR | ||
| 245 | 1 | 0 | |a Limiting base erosion involving interest deductions and other financial payments |
| 264 | 1 | |a Paris |b OECD |c 2015 | |
| 300 | |a 115 s. | ||
| 490 | 1 | |a OECD/G20 base erosion and profit shifting project | |
| 830 | 0 | |a OECD/G20 base erosion and profit shifting project | |
| 610 | 2 | 0 | |a skupiny záujmové |
| 610 | 2 | 0 | |a financie |
| 610 | 2 | 0 | |a dane |
| 610 | 2 | 0 | |a dlhy |
| 610 | 2 | 0 | |a právo |
| 610 | 2 | 0 | |a politika daňová |
| 610 | 2 | 0 | |a úrok |
| 610 | 2 | 0 | |a spoločnosti nadnárodné |
| 610 | 2 | 0 | |a zdaňovanie |
| 610 | 2 | 0 | |a dôchodky |
| 610 | 2 | 0 | |a banky |
| 610 | 2 | 0 | |a poisťovne |
| 610 | 2 | 0 | |a Európska únia |